000 00580nam a2200205Ii 4500
003 JO-AjNU
008 230606s9999||||xx |||||||||||||| ||und||
020 _a978-81-203-4540-9
040 _aJO-AjNU
_beng
_erda
_cJO-AjNU
041 _aeng
050 1 4 _aQA39.2012
100 3 _aBathul,Shahnaz,
_eauthor
_93819
245 0 0 _aRemedial Mathematics
264 3 1 _aPHILEARNING PRIVATE LIMITED:NEWDELHI,2010
300 _a346p
336 _atext
_btxt
_2rdacontent
337 _aunmediated
_bn
_2rdamedia
338 _avolume
_bnc
_2rdacarrier
650 4 _aRemedial Mathematics
_93820
999 _aE1992
_c1992
_d1992